书目信息 |
| 题名: |
有限典型群子空间轨道生成的格
|
|
| 作者: | 万哲先 , 霍元极 著 | |
| 分册: | ||
| 出版信息: | 北京 科学出版社 1997 |
|
| 页数: | 291页 | |
| 开本: | 20cm | |
| 丛书名: | 现代数学基础丛书 | |
| 单 册: | ||
| 中图分类: | O153.1 | |
| 科图分类: | ||
| 主题词: | 有限群:典型群-子空间-生成-格 , 子空间-有限群:典型群-生成-格 , 格--研究 , 典型群:有限群-子空间-生成-格 | |
| 电子资源: | ||
| ISBN: | 7-03-005627-2 | |
| 000 | 00941nam0 2200301 45 | |
| 001 | 0197039828 | |
| 005 | 20051031083110.90 | |
| 010 | @a7-03-005627-2@dCNY18.50 | |
| 092 | @aCN | |
| 100 | @a19971119d1997 kemy0chiy0121 ea | |
| 101 | 0 | @achi |
| 102 | @aCN@b110000 | |
| 105 | @ay z 001yy | |
| 200 | 10 | @a有限典型群子空间轨道生成的格@Ayou xian dian xing qun zi kong jian gui dao sheng cheng de ge@f万哲先,霍元极著@Fwan zhe xian,huo yuan ji zhu |
| 210 | @a北京@c科学出版社@d1997 | |
| 215 | @a291页@d20cm | |
| 225 | 2 | @a现代数学基础丛书 |
| 300 | @a中国科学院科学出版基金资助出版 | |
| 410 | 0 | @12001 @a现代数学基础丛书 |
| 606 | @a有限群:典型群-子空间-生成-格 | |
| 606 | @a子空间-有限群:典型群-生成-格 | |
| 606 | @a格@x研究 | |
| 606 | @a典型群:有限群-子空间-生成-格 | |
| 690 | @aO153.1@v4 | |
| 701 | 0 | @a万哲先@Awan zhe xian@4著 |
| 701 | 0 | @a霍元极@Ahuo yuan ji@4著 |
| 801 | 0 | @aCN@bTSSF@c20051031 |
| 905 | @a10447@dO153.1@e24 | |
| 有限典型群子空间轨道生成的格/万哲先,霍元极著.-北京:科学出版社,1997 |
| 291页;20cm.-(现代数学基础丛书) |
| 中国科学院科学出版基金资助出版 |
| ISBN 7-03-005627-2:CNY18.50 |
| ● |
| 相关链接 |
|
|
|
|
正题名:有限典型群子空间轨道生成的格
索取号:O153.1/24
 
预约/预借
| 序号 | 登录号 | 条形码 | 馆藏地/架位号 | 状态 | 备注 |
| 1 | 0337265 | 203372652 | 第二样本阅览室/ [索取号:O153.1/24] | 在馆 | |
| 2 | 0337266 | 203372661 | 第三借阅区/ [索取号:O153.1/24] | 在馆 | |
| 3 | 0337267 | 203372670 | 第三借阅区/ [索取号:O153.1/24] | 在馆 | |
| 4 | 0337268 | 203372689 | 第三借阅区/ [索取号:O153.1/24] | 在馆 | |
| 5 | 0337269 | 203372698 | 第三借阅区/ [索取号:O153.1/24] | 在馆 |